000 00521nam a2200193Ia 4500
005 20250326142630.0
008 250326s9999 xx 000 0 und d
020 _a0 7494 0798 0
037 _aTextbook
040 _aFMSL
_beng
_cFMSL
041 _aeng
_2eng
084 _aT:3(X:8) N3
_qFMSL
100 _aSaunders M
_991070
245 0 _aLone Trainer
_cSaunders M; Holdaway K
260 _aLondon
_bLondon, Kogan Page
_c1993
300 _a130p
942 _cTB
_hT:3(X:8) N3
999 _c1295915
_d1295915